Súčasná zahraničná a bezpečnostná politika Japonska diplomová práca

Saved in:
Bibliographic Details
Main Author: Pecho, Daniel
Corporate Author: Fakulta medzinárodných vzťahov EU. Katedra medzinárodných politických vzťahov
Other Authors: Kucharčík, Rudolf, 1977-
Format: Book
Language:Slovak
Published: Bratislava 2018
Tags: Add Tag
No Tags, Be the first to tag this record!

MARC

LEADER 00000nbm a2200000 4500
001 0244476
005 20180807080603.9
041 0 |a slo 
044 |a SK 
245 1 0 |a Súčasná zahraničná a bezpečnostná politika Japonska  |b diplomová práca  |c Daniel Pecho ; školiteľ: Rudolf Kucharčík 
264 1 |a Bratislava  |c 2018 
300 |a 81 s. 
100 1 |a Pecho, Daniel 
700 1 |a Kucharčík, Rudolf, 1977- 
710 2 |a Fakulta medzinárodných vzťahov EU. Katedra medzinárodných politických vzťahov